A guide to best practice for inventory providers (Record no. 115195)
[ view plain ]
| 000 -LEADER | |
|---|---|
| fixed length control field | 01352cam a22002775a 4500 |
| 001 - CONTROL NUMBER | |
| control field | L158199 |
| 008 - FIXED-LENGTH DATA ELEMENTS--GENERAL INFORMATION | |
| fixed length control field | 141013s2011 xxk f 000 0 eng d |
| 035 ## - SYSTEM CONTROL NUMBER | |
| System control number | (Sirsi) u158199 |
| 041 0# - LANGUAGE CODE | |
| Language code of text/sound track or separate title | eng |
| 050 04 - LIBRARY OF CONGRESS CALL NUMBER | |
| Classification number | 346.4104342 $2 18 |
| 110 2# - MAIN ENTRY--CORPORATE NAME | |
| Corporate name or jurisdiction name as entry element | Association of Professional Inventory Providers |
| 9 (RLIN) | 6142 |
| 245 02 - TITLE STATEMENT | |
| Title | A guide to best practice for inventory providers |
| 260 ## - PUBLICATION, DISTRIBUTION, ETC. | |
| Place of publication, distribution, etc. | Amersham |
| Name of publisher, distributor, etc. | APIP |
| Date of publication, distribution, etc. | 2011 |
| 300 ## - PHYSICAL DESCRIPTION | |
| Extent | 114p. |
| Dimensions | 30cm. + |
| Accompanying material | 1 CD-ROM |
| 520 ## - SUMMARY, ETC. | |
| Summary, etc. | Aims to provide a benchmark standard for all those involved in the provision of inventories and schedules of condition in the residential lettings sector. Includes guidance notes and self test questions on various aspects including: the contents of a comprehensive inventory; why a schedule of condition is needed; how to carry out an inventory; how to obtain agreement from landlord and tenant; and the implications of tenancy deposit protection. |
| 520 ## - SUMMARY, ETC. | |
| Summary, etc. | Accompanying CD ROM with worked examples and photographs kept separately in reading room. |
| 590 ## - LOCAL NOTE (RLIN) | |
| Local note | KA |
| 650 24 - SUBJECT ADDED ENTRY--TOPICAL TERM | |
| Topical term or geographic name entry element | HOUSING ACT 2004 |
| 651 #4 - SUBJECT ADDED ENTRY--GEOGRAPHIC NAME | |
| Geographic name | England and Wales |
| Chronological subdivision | 1543- |
| 690 ## - LOCAL SUBJECT ADDED ENTRY--TOPICAL TERM (OCLC, RLIN) | |
| Topical term or geographic name as entry element | Landlord and tenant |
| 9 (RLIN) | 6252 |
| 690 ## - LOCAL SUBJECT ADDED ENTRY--TOPICAL TERM (OCLC, RLIN) | |
| Topical term or geographic name as entry element | Residential property |
| 9 (RLIN) | 6266 |
| 710 2# - ADDED ENTRY--CORPORATE NAME | |
| Corporate name or jurisdiction name as entry element | Asset Skills |
| 9 (RLIN) | 5165 |
| 710 2# - ADDED ENTRY--CORPORATE NAME | |
| Corporate name or jurisdiction name as entry element | National Association of Estate Agents |
| 9 (RLIN) | 886 |
| 710 2# - ADDED ENTRY--CORPORATE NAME | |
| Corporate name or jurisdiction name as entry element | Royal Institution of Chartered Surveyors |
| 9 (RLIN) | 4900 |
| 942 ## - ADDED ENTRY ELEMENTS (KOHA) | |
| Suppress in OPAC | 0 |
| Withdrawn status | Lost status | Source of classification or shelving scheme | Damaged status | Not for loan | Home library | Current library | Shelving location | Date acquired | Total Checkouts | Full call number | Barcode | Date last seen | Copy number | Price effective from | Koha item type |
|---|---|---|---|---|---|---|---|---|---|---|---|---|---|---|---|
| Dewey Decimal Classification | London | London | Books | 13/10/2014 | F346.4104342 API | 30075168 | 06/08/2019 | 1 | 06/08/2019 | Book |